Baudolino

Збережено в:
Бібліографічні деталі
Автор: Eco, Umberto
Формат: Книга
Мова:Undetermined
Опубліковано: Barcelona, España Editorial Lumen 2003
Предмети:
Теги: Додати тег
Немає тегів, Будьте першим, хто поставить тег для цього запису!

MARC

LEADER 00000nam a2200000Ia 4500
008 170316s9999 xx 000 0 und d
999 |c 8134  |d 8134 
040 |a cru BVZT 
090 |a 850 E-1b 
100 |a Eco, Umberto 
245 |a Baudolino  |c / Umberto Eco 
260 |a Barcelona, España  |b Editorial Lumen  |c 2003 
300 |a 638 páginas 
650 |a LITERATURA ITALIANA  |9 212 
650 |a NOVELA  |9 13 
942 |c 15 D  |h 850 E-1b  |2 z